Neutralité et monopole de l'enseignement (Record no. 178993)

MARC details
000 -LEADER
campo de control de longitud fija 00887nam a2200217 i 4500
001 - NÚMERO DE CONTROL
campo de control 178993
003 - IDENTIFICADOR DE NÚMERO DE CONTROL
campo de control ES-MaACL
005 - FECHA Y HORA DE LA ÚLTIMA TRANSACCIÓN
campo de control 20251123114359.0
008 - DATOS DE LONGITUD FIJA--INFORMACIÓN GENERAL
campo de control de longitud fija 110817s1912 fr |||| | fre d
245 00 - MENCIÓN DEL TÍTULO
Título Neutralité et monopole de l'enseignement
Resto del título : suivi de l'Etat actuel de l'enseignement du latin : leçons professées à l'Ecole des Hautes études sociales /
Mención de responsabilidad, etc. par V. Basch, E. Blum, A. Croiset [ et al.].
260 ## - PUBLICACIÓN, DISTRIBUCIÓN, ETC.
Lugar de publicación, distribución, etc. Paris :
Nombre del editor, distribuidor, etc. Félix Alcan,
Fecha de publicación, distribución, etc. 1912.
300 ## - DESCRIPCIÓN FÍSICA
Extensión 312 p. ;
Dimensiones 22 cm.
490 1# - MENCIÓN DE SERIE
Mención de serie Bibliothèque générale des sciences sociales ;
Designación de volumen o secuencia 41
650 04 - PUNTO DE ACCESO ADICIONAL DE MATERIA--TÉRMINO DE MATERIA
Término de materia o nombre geográfico como elemento de entrada Enseñanza.
9 (RLIN) 12279
700 1# - ENTRADA AGREGADA--NOMBRE PERSONAL
Nombre de persona Basch, Victor.
9 (RLIN) 26260
700 0# - ENTRADA AGREGADA--NOMBRE PERSONAL
Nombre de persona Croiset, Alfred.
9 (RLIN) 41668
700 1# - ENTRADA AGREGADA--NOMBRE PERSONAL
Nombre de persona Blum, Léon,
Fechas asociadas al nombre 1868-19.. ; professeur agrégé
9 (RLIN) 147631
830 00 - PUNTO DE ACCESO ADICIONAL DE SERIE-TÍTULO UNIFORME
Título uniforme Bibliothèque générale des sciences sociales
Designación de volumen o secuencia 41
9 (RLIN) 187778
852 ## - LOCALIZACIÓN
Ubicación ES-MaACL
Número de control de estantería C-23120
Holdings
Estatus retirado Estado de pérdida Estado de daño No para préstamo Biblioteca de origen Biblioteca actual Ubicación en estantería Fecha de adquisición Fuente de adquisición Total de préstamos Signatura topográfica completa Código de barras Visto por última vez Precio de reemplazo Tipo de ítem Koha
        Biblioteca del Ateneo de Madrid Biblioteca del Ateneo de Madrid Depósito 2 17/08/2011     C-23120 1188020 23/02/2023 23/02/2023 Libro impreso